<?xml version="1.0" encoding="UTF-8"?>
<record
    xmlns:xsi="http://www.w3.org/2001/XMLSchema-instance"
    xsi:schemaLocation="http://www.loc.gov/MARC21/slim http://www.loc.gov/standards/marcxml/schema/MARC21slim.xsd"
    xmlns="http://www.loc.gov/MARC21/slim">

  <leader>00651 am a2200193 a 4500</leader>
  <controlfield tag="001">152580</controlfield>
  <controlfield tag="003">OSt</controlfield>
  <controlfield tag="005">20220125173921.0</controlfield>
  <controlfield tag="008">60227                ###                </controlfield>
  <datafield tag="020" ind1=" " ind2=" ">
    <subfield code="a">9789383447923</subfield>
  </datafield>
  <datafield tag="041" ind1=" " ind2=" ">
    <subfield code="a">Hindi</subfield>
  </datafield>
  <datafield tag="082" ind1=" " ind2=" ">
    <subfield code="a">891.43</subfield>
    <subfield code="b">M47H</subfield>
  </datafield>
  <datafield tag="100" ind1="1" ind2=" ">
    <subfield code="a">&#x92E;&#x947;&#x939;&#x924;&#x93E;, &#x936;&#x948;&#x932;&#x947;&#x936; &#x915;&#x947;.</subfield>
  </datafield>
  <datafield tag="245" ind1="1" ind2=" ">
    <subfield code="a">&#x939;&#x93F;&#x928;&#x94D;&#x926;&#x940; &#x938;&#x93E;&#x939;&#x93F;&#x924;&#x94D;&#x92F; &#x915;&#x947; &#x935;&#x93F;&#x935;&#x93F;&#x927; &#x92A;&#x930;&#x93F;&#x926;&#x943;&#x936;&#x94D;&#x92F;</subfield>
    <subfield code="c">by &#x936;&#x948;&#x932;&#x947;&#x936; &#x915;&#x947;. &#x92E;&#x947;&#x939;&#x924;&#x93E;</subfield>
  </datafield>
  <datafield tag="260" ind1=" " ind2=" ">
    <subfield code="a">&#x928;&#x908; &#x926;&#x93F;&#x932;&#x94D;&#x932;&#x940;</subfield>
    <subfield code="b">&#x930;&#x93E;&#x935;&#x924; &#x92A;&#x94D;&#x930;&#x915;&#x93E;&#x936;&#x928;</subfield>
    <subfield code="c">2016</subfield>
  </datafield>
  <datafield tag="300" ind1=" " ind2=" ">
    <subfield code="a">114&#x92A;&#x943;.</subfield>
  </datafield>
  <datafield tag="653" ind1=" " ind2=" ">
    <subfield code="a">&#x935;&#x93F;&#x935;&#x93F;&#x927; &#x92A;&#x930;&#x93F;&#x926;&#x943;&#x936;&#x94D;&#x92F;</subfield>
  </datafield>
  <datafield tag="942" ind1=" " ind2=" ">
    <subfield code="2">ddc</subfield>
    <subfield code="c">BK</subfield>
  </datafield>
  <datafield tag="999" ind1=" " ind2=" ">
    <subfield code="c">15358</subfield>
    <subfield code="d">15358</subfield>
  </datafield>
  <datafield tag="952" ind1=" " ind2=" ">
    <subfield code="0">0</subfield>
    <subfield code="1">0</subfield>
    <subfield code="4">0</subfield>
    <subfield code="7">0</subfield>
    <subfield code="8">TXB</subfield>
    <subfield code="a">CURAJ</subfield>
    <subfield code="b">CURAJ</subfield>
    <subfield code="d">2016-02-09</subfield>
    <subfield code="e">HND</subfield>
    <subfield code="o">891.43 M47H</subfield>
    <subfield code="p">26128</subfield>
    <subfield code="r">2024-11-21</subfield>
    <subfield code="w">2020-09-02</subfield>
    <subfield code="y">BK</subfield>
  </datafield>
  <datafield tag="952" ind1=" " ind2=" ">
    <subfield code="0">0</subfield>
    <subfield code="1">0</subfield>
    <subfield code="4">0</subfield>
    <subfield code="7">0</subfield>
    <subfield code="8">TXB</subfield>
    <subfield code="a">CURAJ</subfield>
    <subfield code="b">CURAJ</subfield>
    <subfield code="d">2016-02-09</subfield>
    <subfield code="e">HND</subfield>
    <subfield code="o">891.43 M47H</subfield>
    <subfield code="p">26127</subfield>
    <subfield code="r">2024-11-21</subfield>
    <subfield code="w">2020-09-02</subfield>
    <subfield code="y">BK</subfield>
  </datafield>
</record>
